000
00434nam a22001337a 4500
008
110507t xxu||||| |||| 00| 0 eng d
020
_a
040609098X
082
_a
348.041
245
_a
The Law Reports Chancery Division 1879-80 Vol 13 /
260
_a
London :
_b
Butterworths,
_c
1973.
300
_a
v;
942
_2
ddc
_c
BK
999
_c
1407
_d
1407